Property rights and the nature of the firm (Record no. 5619)

000 -LEADER
fixed length control field 00385pab a2200157 454500
008 - FIXED-LENGTH DATA ELEMENTS--GENERAL INFORMATION
fixed length control field 180718b1990 xxu||||| |||| 00| 0 eng d
100 ## - MAIN ENTRY--PERSONAL NAME
Personal name Hart, Oliver
245 ## - TITLE STATEMENT
Title Property rights and the nature of the firm
260 ## - PUBLICATION, DISTRIBUTION, ETC.
Date of publication, distribution, etc. 1990
300 ## - PHYSICAL DESCRIPTION
Extent 1119-58
362 ## - DATES OF PUBLICATION AND/OR SEQUENTIAL DESIGNATION
Dates of publication and/or sequential designation Dec.
650 ## - SUBJECT ADDED ENTRY--TOPICAL TERM
Topical term or geographic name entry element Civil Liberties
700 ## - ADDED ENTRY--PERSONAL NAME
Personal name Moore, John
773 ## - HOST ITEM ENTRY
Main entry heading Journal of Political Economy
909 ## -
-- 5619
Holdings
Withdrawn status Lost status Damaged status Not for loan Permanent Location Current Location Date acquired Serial Enumeration / chronology Barcode Date last seen Price effective from Koha item type
        Indian Institute of Public Administration Indian Institute of Public Administration 2018-07-19 Volume no: 98, Issue no: 6 AR5625 2018-07-19 2018-07-19 Articles

Powered by Koha